[Event "Hamburg State-ch U18"]
[Site "Cuxhaven"]
[Date "2005.03.18"]
[Round "9"]
[White "Reddi, Janko"]
[Black "Walter, Christian2222"]
[Result "1/2-1/2"]
[WhiteElo "1438"]
[BlackElo "1819"]
[PlyCount "76"]
[EventDate "2005.03.12"]
[EventType "swiss"]
[EventRounds "9"]
[EventCountry "GER"]
[SourceTitle "EXT 2007"]
[Source "ChessBase"]
[SourceDate "2006.11.23"]
[SourceVersion "1"]
[SourceVersionDate "2006.11.23"]
[SourceQuality "1"]

1. e4 c5 2. Nf3 d6 3. Bb5+ Bd7 4. Bxd7+ Nxd7 5. c3 Ngf6 6. Qe2 e6 7. 0-0 Qc7 8. d4 Be7 9. Nbd2 0-0 10. h3 Rab8 11. a4 b6 12. e5 Nd5 13. Nc4 Rfc8 14. exd6 Bxd6 15. Nxd6 Qxd6 16. Ne5 cxd4 17. Nxd7 Qxd7 18. cxd4 Rc7 19. Qg4 Rc4 20. Bh6 f5 21. Qg3 Rf8 22. Qd3 Rxa4 23. Rxa4 Qxa4 24. Bg5 Rc8 25. Qe2 Re8 26. Re1 Qxd4 27. Qb5 Nc7 28. Qc6 Qc5 29. Qd7 h6 30. Rc1 Qd5 31. Qxc7 hxg5 32. Qxa7 Qd2 33. Rc7 Qe1+ 34. Kh2 Qe5+ 35. Kg1 Rd8 36. Rd7 Rc8 37. Qa1 Rc2 38. Qd1 Rc8 1/2-1/2

[Event "Hamburg State-ch U18"]
[Site "Cuxhaven"]
[Date "2005.03.15"]
[Round "5"]
[White "Reddi, Janko"]
[Black "Schmidt, Jade"]
[Result "0-1"]
[WhiteElo "1438"]
[BlackElo "1719"]
[PlyCount "46"]
[EventDate "2005.03.12"]
[EventType "swiss"]
[EventRounds "9"]
[EventCountry "GER"]
[SourceTitle "EXT 2007"]
[Source "ChessBase"]
[SourceDate "2006.11.23"]
[SourceVersion "1"]
[SourceVersionDate "2006.11.23"]
[SourceQuality "1"]

1. e4 c5 2. Nc3 e6 3. f4 d5 4. Bb5+ Bd7 5. Bxd7+ Qxd7 6. d3 Nc6 7. Nf3 dxe4 8. Nxe4 Nh6 9. 0-0 Be7 10. Qe1 Nf5 11. Qc3 Qd5 12. Kh1 f6 13. b3 0-0 14. Bb2 b5 15. Rfe1 Rfe8 16. g4 Nfd4 17. Nxd4 Nxd4 18. f5 exf5 19. gxf5 Qxf5 20. Rf1 Qd5 21. Qd2 f5 22. Qg2 fxe4 23. Bxd4 Qxd4 0-1

[Event "Hamburg State-ch U18"]
[Site "Cuxhaven"]
[Date "2005.03.14"]
[Round "4"]
[White "Guessefeld, Friedrich"]
[Black "Reddi, Janko"]
[Result "1/2-1/2"]
[WhiteElo "1442"]
[BlackElo "1438"]
[PlyCount "31"]
[EventDate "2005.03.12"]
[EventType "swiss"]
[EventRounds "9"]
[EventCountry "GER"]
[SourceTitle "EXT 2007"]
[Source "ChessBase"]
[SourceDate "2006.11.23"]
[SourceVersion "1"]
[SourceVersionDate "2006.11.23"]
[SourceQuality "1"]

1. e4 e6 2. d4 d5 3. exd5 exd5 4. c3 c6 5. Bd3 Bd6 6. Ne2 Ne7 7. Bf4 Bxf4 8. Nxf4 Bf5 9. Qe2 Bxd3 10. Qxd3 0-0 11. Nd2 Re8 12. 0-0-0 Nd7 13. Rde1 Qc7 14. Qg3 Nf6 15. Nd3 Qxg3 16. hxg3 1/2-1/2

[Event "Hamburg State-ch U18"]
[Site "Cuxhaven"]
[Date "2005.03.12"]
[Round "1"]
[White "Reddi, Janko"]
[Black "Colpe, Lennart"]
[Result "1-0"]
[WhiteElo "1438"]
[BlackElo "1772"]
[PlyCount "65"]
[EventDate "2005.03.12"]
[EventType "swiss"]
[EventRounds "9"]
[EventCountry "GER"]
[SourceTitle "EXT 2007"]
[Source "ChessBase"]
[SourceDate "2006.11.23"]
[SourceVersion "1"]
[SourceVersionDate "2006.11.23"]
[SourceQuality "1"]

1. e4 c5 2. Nc3 e6 3. f4 Nc6 4. Bb5 g6 5. Nf3 Nge7 6. d3 Bg7 7. 0-0 a6 8. Bxc6 bxc6 9. Qe1 d5 10. f5 exf5 11. exf5 Bxf5 12. Ne5 0-0 13. Qg3 Qb6 14. Kh1 Be6 15. Na4 Qa5 16. b3 Nf5 17. Rxf5 Bxf5 18. Nxc6 Qb4 19. Ne7+ Kh8 20. Bb2 Bxb2 21. Nxb2 Be6 22. Qe5+ f6 23. Qxe6 Rae8 24. Qd6 Qa5 25. Rg1 Qxa2 26. Na4 c4 27. Nxd5 cxb3 28. cxb3 Qxb3 29. Ndc3 Rc8 30. h3 Rf7 31. Qd4 Rc6 32. Nc5 Rfc7 33. Nxb3 1-0